| Tag |
First Indicator |
Second Indicator |
Subfields |
| LEADER |
00000cam a2200000 4500 |
| 001 |
in00000025415 |
| 005 |
20151007062430.0 |
| 008 |
720303s1964 miu 01010 eng u |
| 010 |
|
|
|a 64016946
|
| 035 |
|
|
|a (OCoLC)00254949
|
| 035 |
|
|
|9 AAD4873AM
|
| 040 |
|
|
|c URB
|d TXA
|d UtOrBLW
|
| 049 |
|
|
|a TXAM
|c [474034]
|
| 050 |
|
0 |
|a PR2965
|b .S3
|
| 092 |
|
|
|a 822.33
|b DS385p
|
| 100 |
1 |
|
|a Schueller, Herbert M.
|
| 245 |
1 |
4 |
|a The persistence of Shakespeare idolatry ;
|b essays in honor of Robert W. Babcock /
|c edited by Herbert M. Schueller.
|
| 264 |
|
1 |
|a Detroit :
|b Wayne State University Press,
|c 1964.
|
| 300 |
|
|
|a x, 181 pages ;
|c 21 cm.
|
| 336 |
|
|
|a text
|b txt
|2 rdacontent
|
| 337 |
|
|
|a unmediated
|b n
|2 rdamedia
|
| 338 |
|
|
|a volume
|b nc
|2 rdacarrier
|
| 500 |
|
|
|a "Lectures ... given in the Kresge Science Auditorium of Wayne State University in January and the spring of 1963."
|
| 505 |
0 |
|
|a Shakespeare and modern French criticism, by H. Peyre.--Dryden and the beginnings of Shakespeare criticism in the Augustan age, by S. H. Monk.--Shakespeare and the English romantic movement, by E. R. Wasserman.--Shakespeare in German criticism, by H. J. Weigand.--Appendix: Hamlet's consistent inconsistency, by H. J. Weigand.
|
| 600 |
1 |
0 |
|a Shakespeare, William,
|d 1564-1616
|x Criticism and interpretation
|x History.
|
| 700 |
1 |
|
|a Babcock, R. W.
|q (Robert Witbeck),
|d 1895-1965.
|
| 999 |
|
|
|a MARS
|
| 999 |
f |
f |
|s 8c503abf-81f9-339e-95e0-1971edbf3fc2
|i ab5f399a-716b-308d-ac7f-9ccdcccaca14
|t 0
|
| 952 |
f |
f |
|p normal
|a Texas A&M University
|b College Station
|c Sterling C. Evans Library
|d Evans: Library Stacks
|t 0
|e PR2965 .S3
|h Library of Congress classification
|i unmediated -- volume
|m A14801306715
|
| 998 |
f |
f |
|a PR2965 .S3
|t 0
|l Evans: Library Stacks
|